| 000 | 00503nam a22001937a 4500 | ||
|---|---|---|---|
| 003 | OSt | ||
| 005 | 20170510173555.0 | ||
| 008 | 170510b xxu||||| |||| 00| 0 eng d | ||
| 020 | _a0521457130 | ||
| 040 | _cDDC. | ||
| 082 | _a532.0527FRI 1995. | ||
| 100 |
_aFrisch,Uriel; _912134 |
||
| 245 | _aTurbulence. | ||
| 260 | _aCambridge;Cambridge University Press;1995. | ||
| 300 |
_axiii,296p; _bill: _c25cm. |
||
| 504 | _aincludes references and index. | ||
| 650 |
_aPhysics. _9809 |
||
| 942 |
_2ddc _cO_SHELF |
||
| 999 |
_c5845 _d5845 |
||